000 00666nam a2200229 a 4500
008
020 _a0195070119 (hbk.)
049 _aMAIN
090 _aS592.5
100 1 _aMcBride, Murray B.
245 1 0 _aEnvironmental chemistry of soils /
_cMurray B. McBride.
260 _aNew York :
_bOxford University Press,
_c1994.
300 _aviii, 406 p. :
_bill. ;
_c24 cm.
504 _aIncludes bibliographical references.
500 _aIncludes index.
650 0 _aSoil chemistry.
907 _a.b10136836
_b23-09-04
_c22-09-04
003
005 20230123133829.0
040 _cNUST
942 _cBOOKS
_kS592.5
999 _c155370
_d155370